[Event "Titled Tue 3rd Jun Early"]
[Site "chess.com INT"]
[Date "2025.06.03"]
[Round "6"]
[White "Vafin, Ayrat"]
[Black "Sydykov, Bayastan"]
[Result "1-0"]
[WhiteTitle "FM"]
[BlackTitle "FM"]
[WhiteElo "2302"]
[BlackElo "2301"]
[WhiteFideId "4146530"]
[BlackFideId "13829610"]
[EventDate "2025.06.03"]

1. Nf3 c5 2. g3 Nc6 3. d4 cxd4 4. Nxd4 g6 5. Bg2 Bg7 6. Nxc6 bxc6 7. c4 Nf6 8.
O-O O-O 9. Nc3 Ba6 10. b3 Ne4 11. Bxe4 Bxc3 12. Bh6 Re8 13. Rc1 Bf6 14. Qd2 e6
15. c5 Qe7 16. Rfd1 Rad8 17. Bf4 e5 18. Be3 Bg7 19. Bd3 Bxd3 20. Qxd3 f5 21. Qa6
g5 22. Qxa7 f4 23. Bd2 Ra8 24. Qc7 Rec8 25. Qb7 Rcb8 26. Qc7 Qd8 27. Qxd8+ Rxd8
28. Rc2 Kf7 29. Bc3 Rab8 30. Kg2 Rb5 31. Bb2 Ke7 32. Kf3 Rf8 33. g4 Ra8 34. Ba1
Ra3 35. Ke4 Ke6 36. Rd6+ Ke7 37. Bxe5 Rb4+ 38. Rd4 Rxd4+ 39. Kxd4 Bxe5+ 40. Kxe5
Ra5 41. Kf5 d6 42. Kxg5 dxc5 43. Kxf4 Kd6 44. e4 Rb5 45. Ke3 Rb4 46. f4 1-0

[Event "Titled Tue 3rd Jun Early"]
[Site "chess.com INT"]
[Date "2025.06.03"]
[Round "6"]
[White "Silva, Luca"]
[Black "Oleksiyenko, Mykhaylo"]
[Result "1/2-1/2"]
[WhiteTitle "FM"]
[BlackTitle "GM"]
[WhiteElo "2227"]
[BlackElo "2569"]
[WhiteFideId "147370"]
[BlackFideId "4152417"]
[EventDate "2025.06.03"]

1. e4 c5 2. Nf3 e6 3. c3 d5 4. e5 d4 5. d3 Nc6 6. g3 Be7 7. Bg2 Bd7 8. O-O h5 9.
h4 Nh6 10. Na3 Nf5 11. Bf4 dxc3 12. bxc3 Qc7 13. Rb1 a6 14. Qe2 O-O-O 15. Nc4 b5
16. Nd6+ Nxd6 17. exd6 Bxd6 18. Bxd6 Qxd6 19. a4 b4 20. cxb4 cxb4 21. Rfc1 Kb8
22. Ng5 Rhf8 23. Ne4 Qe5 24. Rc5 Qd4 25. Qc2 Rc8 26. Rc4 Qa7 27. Nc5 Be8 28. a5
f6 29. d4 Rf7 30. Nxe6 Qd7 31. d5 Na7 32. Rbxb4+ Nb5 33. Nc5 Qd6 34. Ne4 Qd8 35.
d6 Rxc4 36. Qxc4 Rb7 37. Qd5 Bf7 38. Qc6 Be8 39. Qd5 Bf7 40. Qd3 Bg6 41. Qd5 Bf7 1/2-1/2

[Event "Titled Tue 3rd Jun Early"]
[Site "chess.com INT"]
[Date "2025.06.03"]
[Round "6"]
[White "Guliev, Gasan"]
[Black "Jia, Haoxiang"]
[Result "0-1"]
[WhiteTitle "CM"]
[BlackTitle "IM"]
[WhiteElo "2123"]
[BlackElo "2316"]
[WhiteFideId "34165638"]
[BlackFideId "8602999"]
[EventDate "2025.06.03"]

1. d4 Nf6 2. Bg5 d5 3. Nc3 c6 4. e3 Bf5 5. Nge2 e6 6. h4 Nbd7 7. Ng3 Bd6 8. Nxf5
exf5 9. Bd3 h6 10. Bxf6 Qxf6 11. Qf3 g6 12. h5 O-O-O 13. O-O-O Kb8 14. Kb1 Qg5
15. g3 Nf6 16. hxg6 fxg6 17. Ne2 Qg4 18. Qxg4 Nxg4 19. Rdf1 h5 20. Kc1 Kc7 21.
Kd2 Kd7 22. f3 Nf6 23. Nf4 Bxf4 24. exf4 Rde8 25. c3 b6 26. a4 a5 27. b4 Kd6 28.
Rb1 h4 29. Rxh4 Rxh4 30. gxh4 Nh5 31. bxa5 bxa5 32. Rb6 Kc7 33. Rxc6+ Kxc6 34.
Bb5+ Kd6 35. Bxe8 Nxf4 36. c4 dxc4 37. Kc3 Ke7 38. Bb5 Ng2 39. Bxc4 Nxh4 40. Be2
Kd6 41. Kc4 Ng2 42. d5 Nf4 43. Bd1 Nxd5 44. Kb5 Nc3+ 45. Kxa5 Nxd1 46. Kb6 Nb2
47. a5 Nc4+ 48. Kb5 Nxa5 49. Kxa5 g5 50. Kb4 g4 51. fxg4 fxg4 52. Kc3 g3 53. Kd2
g2 54. Ke2 g1=Q 55. Kf3 Qd4 0-1

[Event "Titled Tue 3rd Jun Early"]
[Site "chess.com INT"]
[Date "2025.06.03"]
[Round "6"]
[White "Sickmann, Lisa"]
[Black "Kambrath, Yannick"]
[Result "0-1"]
[WhiteTitle "WFM"]
[BlackTitle "IM"]
[WhiteElo "1970"]
[BlackElo "2389"]
[WhiteFideId "16267818"]
[BlackFideId "20632525"]
[EventDate "2025.06.03"]

1. d4 d5 2. c4 e6 3. Nc3 Nf6 4. cxd5 exd5 5. Bg5 c6 6. e3 Bd6 7. Bd3 O-O 8. Nge2
Re8 9. O-O a5 10. a4 h6 11. Bh4 Na6 12. Bg3 Nb4 13. Bxd6 Qxd6 14. Bb1 h5 15. Ng3
h4 16. Nf5 Bxf5 17. Bxf5 g6 18. Bb1 h3 19. Qf3 hxg2 20. Qxg2 Kg7 21. Ra3 Rh8 22.
Ne2 Rh6 23. Ng3 Kf8 24. f4 Re8 25. f5 g5 26. Qf3 Kg7 27. Kg2 Reh8 28. Rh1 Rh3
29. Rc3 R8h4 30. Rcc1 Kf8 31. Rcd1 Kg7 32. Rd2 Kf8 33. Rdd1 Ng4 34. f6 Nxh2 35.
Bf5 Nxf3 36. Bxh3 Qxf6 37. Bf5 Rxh1 38. Rxh1 Nh4+ 0-1

[Event "Titled Tue 3rd Jun Early"]
[Site "chess.com INT"]
[Date "2025.06.03"]
[Round "6"]
[White "Lyutsinger, Iren"]
[Black "Ramu, K."]
[Result "0-1"]
[WhiteTitle "FM"]
[BlackTitle "FM"]
[WhiteElo "2266"]
[BlackElo "2151"]
[WhiteFideId "34425969"]
[BlackFideId "5006171"]
[EventDate "2025.06.03"]

1. e4 c5 2. Nf3 d6 3. d4 cxd4 4. Nxd4 Nf6 5. Nc3 a6 6. Bg5 e6 7. f4 Be7 8. Qd2
h6 9. Bh4 Nxe4 10. Bxe7 Nxd2 11. Bxd8 Nxf1 12. Bc7 Ne3 13. Bxd6 Nxg2+ 14. Kf2
Nh4 15. Rhg1 g6 16. Be5 O-O 17. Ne4 Nd7 18. Nf6+ Nxf6 19. Bxf6 Nf5 20. Nf3 b5
21. h4 h5 22. Ne5 Kh7 23. Rad1 Ra7 24. c3 Rc7 25. Nf3 Bb7 26. Ng5+ Kh6 27. Nh3
Bd5 28. Rd2 a5 29. a3 b4 30. a4 bxc3 31. Bxc3 Rc4 32. Ng5 Rxf4+ 33. Ke1 Nxh4 34.
Rxd5 exd5 35. Bd2 Re8+ 36. Kd1 Rf5 37. Nf3+ Kg7 38. Nxh4 Rf2 39. Rg5 Re4 40.
Rxd5 Rxh4 41. Rxa5 Rd4 0-1

[Event "Titled Tue 3rd Jun Early"]
[Site "chess.com INT"]
[Date "2025.06.03"]
[Round "6"]
[White "Ruge, Edison"]
[Black "Logozar, Elijah"]
[Result "0-1"]
[WhiteTitle "FM"]
[WhiteElo "2201"]
[BlackElo "1945"]
[WhiteFideId "4401000"]
[BlackFideId "30963788"]
[EventDate "2025.06.03"]

1. e4 c5 2. Nf3 d6 3. d3 Nf6 4. Nbd2 Nc6 5. g3 g6 6. Bg2 Bg7 7. O-O O-O 8. Re1
h6 9. e5 dxe5 10. Nxe5 Nxe5 11. Rxe5 Qc7 12. Re1 Bd7 13. Nc4 Bc6 14. Bxc6 Qxc6
15. Rxe7 Rfe8 16. Rxe8+ Rxe8 17. Ne3 h5 18. h4 b5 19. c3 Rd8 20. Ng2 Ng4 21. Bg5
Rd7 22. Bf4 Qd5 23. Ne3 Qxd3 24. Qxd3 Rxd3 25. Nxg4 hxg4 26. a3 c4 27. Kf1 f5
28. Ke2 Kf7 29. Rd1 Rxd1 30. Kxd1 Ke6 31. Ke2 Kd5 32. Ke3 Bf8 33. Ke2 Ke4 34.
Bc1 Bc5 35. Bg5 a5 36. Bd2 Bd6 37. Be1 Be5 38. Bd2 b4 39. axb4 axb4 40. Be1 b3
41. Bd2 Bd6 42. Bc1 Bc5 43. Bd2 Bxf2 44. Kxf2 Kd3 45. Ke1 Kc2 46. Ke2 Kxb2 47.
Kd1 Ka1 48. Bc1 b2 49. Bxb2+ Kxb2 50. Kd2 Kb3 0-1

[Event "Titled Tue 3rd Jun Early"]
[Site "chess.com INT"]
[Date "2025.06.03"]
[Round "6"]
[White "Bashirli, Saadat"]
[Black "Bilochenko, Matvii"]
[Result "1-0"]
[WhiteTitle "WCM"]
[BlackTitle "CM"]
[WhiteElo "1941"]
[BlackElo "2027"]
[WhiteFideId "13429990"]
[BlackFideId "41834062"]
[EventDate "2025.06.03"]

1. d4 Nf6 2. c4 g6 3. Nc3 Bg7 4. e4 d6 5. f3 O-O 6. Nge2 Nc6 7. Be3 a6 8. Qd2
Na5 9. Nc1 b5 10. cxb5 axb5 11. Bxb5 c6 12. Bd3 Be6 13. Qe2 d5 14. e5 Nd7 15. f4
Qc8 16. O-O c5 17. dxc5 Nxc5 18. Bb5 Nc4 19. Bd4 Qc7 20. Nb3 Nxb3 21. axb3 Na5
22. Qc2 Rfb8 23. b4 Rxb5 24. bxa5 Rbxa5 25. Rxa5 Qxa5 26. Qb3 Rc8 27. Qb7 Rc4
28. Rd1 Qb4 29. Qa8+ Rc8 30. Qa3 Qxa3 31. bxa3 f6 32. a4 fxe5 33. fxe5 Ra8 34.
Ra1 Kf7 35. a5 Ke8 36. a6 Kd7 37. a7 Kc6 38. Rb1 Bd7 39. Rb8 Bxe5 40. Rb6+ Kc7
41. Nxd5+ Kc8 42. Bxe5 Rxa7 43. Rb8# 1-0

[Event "Titled Tue 3rd Jun Early"]
[Site "chess.com INT"]
[Date "2025.06.03"]
[Round "6"]
[White "Viskelis, Darius"]
[Black "Mikhalsky, Vladimir"]
[Result "1-0"]
[WhiteTitle "FM"]
[WhiteElo "2165"]
[BlackElo "2219"]
[WhiteFideId "12800830"]
[BlackFideId "14144352"]
[EventDate "2025.06.03"]

1. e4 g6 2. h4 d5 3. exd5 Nf6 4. Nc3 h5 5. Bc4 Nbd7 6. d3 Nb6 7. Bg5 Nfxd5 8.
Qf3 Bg4 9. Qe4 Nxc3 10. bxc3 Bg7 11. Ne2 Nxc4 12. Qxc4 Bxe2 13. Kxe2 O-O 14.
Rab1 b6 15. Rh3 Qd7 16. Re3 Rfe8 17. Kf1 e5 18. Rb5 Kh7 19. Rf3 f5 20. Re3 c5
21. a4 Re6 22. a5 Rae8 23. axb6 axb6 24. Qb3 Qc6 25. Re1 Ra8 26. Rb1 e4 27. Be3
exd3 28. cxd3 Qd7 29. Qc4 Ra3 30. Rxb6 Rxb6 31. Rxb6 Rxc3 32. Qb5 Qd5 33. Qe8
Qxd3+ 34. Kg1 Rb3 35. Qxg6+ Kg8 36. Qe6+ Kh7 37. Qxb3 Qd7 38. Rb7 Qd6 39. Qb2
Qg6 40. Bxc5 f4 41. Bd4 f3 42. Rxg7+ Qxg7 43. Bxg7 1-0

[Event "Titled Tue 3rd Jun Early"]
[Site "chess.com INT"]
[Date "2025.06.03"]
[Round "6"]
[White "Devagharan, Devina"]
[Black "Punin, Andrii"]
[Result "0-1"]
[WhiteTitle "WFM"]
[BlackTitle "FM"]
[WhiteElo "1860"]
[BlackElo "2289"]
[WhiteFideId "2061600"]
[BlackFideId "14112639"]
[EventDate "2025.06.03"]

1. d4 Nf6 2. c4 e6 3. Nc3 d5 4. cxd5 exd5 5. Bg5 Be7 6. e3 O-O 7. Bd3 c6 8. Qc2
h6 9. Bh4 Re8 10. Nf3 Ne4 11. Bxe7 Qxe7 12. O-O Nd7 13. Rab1 a5 14. Nd2 Nxd2 15.
Qxd2 Nf6 16. Rbe1 a4 17. f3 Qb4 18. a3 Qd6 19. Bb1 c5 20. e4 dxe4 21. d5 exf3
22. Rxe8+ Nxe8 23. Qd3 Nf6 24. Rxf3 g6 25. Nb5 Qe5 26. Qf1 Kg7 27. Nc7 Qxc7 28.
Rxf6 Bf5 29. Rxf5 gxf5 30. Qxf5 Rh8 31. Qg4+ Kf8 32. Qxa4 Qe5 33. Be4 Qxb2 34.
g3 Kg7 35. Bg2 Qd4+ 36. Qxd4+ cxd4 37. Kf1 Ra8 38. Ke2 Rxa3 39. d6 Kf6 40. Bxb7
Ke6 41. d7 Kxd7 42. Bd5 f6 0-1

[Event "Titled Tue 3rd Jun Early"]
[Site "chess.com INT"]
[Date "2025.06.03"]
[Round "6"]
[White "Palmer, Reegan"]
[Black "Jovic, Stanoje"]
[Result "0-1"]
[WhiteTitle "CM"]
[BlackTitle "FM"]
[WhiteElo "2057"]
[BlackElo "2096"]
[WhiteFideId "14322145"]
[BlackFideId "905020"]
[EventDate "2025.06.03"]

1. e4 c6 2. d4 d5 3. f3 e6 4. Nc3 Bb4 5. Qe2 Ne7 6. Qf2 O-O 7. Bd2 b5 8. Bd3 a5
9. Nge2 a4 10. O-O a3 11. b3 f5 12. e5 Qa5 13. Qe1 Bd7 14. Nf4 c5 15. dxc5 Bxc5+
16. Kh1 Bb4 17. Rd1 Na6 18. Nce2 Bxd2 19. Qxd2 Qxd2 20. Rxd2 Rab8 21. Nd4 Rb6
22. Rfd1 Rc8 23. h4 Kf7 24. h5 Nb4 25. g4 fxg4 26. fxg4 Kg8 27. Rf2 Ra8 28. g5
Nxa2 29. h6 g6 30. Rdf1 Nc3 31. Nh5 gxh5 32. Rf7 Nf5 33. Nxf5 Kxf7 34. Nd6+ Kg8
35. g6 hxg6 36. Bxg6 Rxd6 37. exd6 a2 38. h7+ Kg7 39. Rf7+ Kxg6 0-1

[Event "Titled Tue 3rd Jun Early"]
[Site "chess.com INT"]
[Date "2025.06.03"]
[Round "6"]
[White "Unver, Cumayi"]
[Black "Dominguez, Ramiro"]
[Result "0-1"]
[BlackTitle "FM"]
[WhiteElo "2012"]
[BlackElo "2185"]
[WhiteFideId "6304940"]
[BlackFideId "4420055"]
[EventDate "2025.06.03"]

1. d4 Nf6 2. Nc3 d5 3. Bf4 e6 4. e3 Bd6 5. Bg3 O-O 6. Nf3 Re8 7. Bd3 Nbd7 8. O-O
e5 9. dxe5 Nxe5 10. Nxe5 Bxe5 11. Bxe5 Rxe5 12. Ne2 Qd6 13. Ng3 Bg4 14. Qd2 h5
15. Rfe1 h4 16. Nf1 h3 17. g3 Bf3 18. a3 Rae8 19. Qb4 c5 20. Qf4 Bg2 21. Nd2 Ne4
22. Nxe4 dxe4 23. Bc4 Qg6 24. Rad1 Rf5 25. Qh4 Rh5 26. Qf4 Rf5 27. Qh4 Qf6 28.
Rd2 Qxh4 29. gxh4 Rf6 30. Bf1 Rg6 31. Bxg2 Rxg2+ 32. Kh1 Re6 33. Rg1 Reg6 34.
Rxg2 Rxg2 35. c4 Kh7 36. b4 b6 37. bxc5 bxc5 38. a4 Kh6 39. a5 Kh5 40. Rd5+ Kxh4
41. Rf5 f6 42. a6 Kg4 43. Rf4+ Kg5 44. Rxe4 Rxf2 45. Kg1 Ra2 46. Re6 Ra4 47. Rc6
Kg4 48. Kf2 Ra2+ 49. Kg1 Kf3 0-1

[Event "Titled Tue 3rd Jun Early"]
[Site "chess.com INT"]
[Date "2025.06.03"]
[Round "6"]
[White "Lloret Ramis, Juan Jose"]
[Black "Gonzalez Vega, Alejandro"]
[Result "0-1"]
[WhiteTitle "FM"]
[BlackTitle "FM"]
[WhiteElo "2019"]
[BlackElo "2092"]
[WhiteFideId "2204053"]
[BlackFideId "3510042"]
[EventDate "2025.06.03"]

1. d4 d5 2. c4 e6 3. Nc3 Nf6 4. Bg5 Nbd7 5. e3 c6 6. Nf3 Be7 7. Rc1 O-O 8. Bd3
Re8 9. O-O h6 10. Bh4 Nf8 11. Bxf6 Bxf6 12. e4 dxe4 13. Nxe4 Be7 14. Ne5 Qc7 15.
Qh5 Bd8 16. Nd6 Re7 17. c5 Bd7 18. Ndxf7 Be8 19. Nxh6+ gxh6 20. Qxh6 Rg7 21. f4
Qe7 22. Rf3 Qh4 23. Qxh4 Bxh4 24. g3 Bf6 25. b4 Rd8 26. Bc4 Rxd4 27. Re3 Rd2 28.
Be2 Rxa2 29. Ng4 Bd4 30. Kf2 Bxe3+ 31. Kxe3 Bg6 32. Ne5 Be8 33. Rd1 Ra3+ 34. Kf2
Ra2 35. g4 Ng6 36. Rd8 Kf8 0-1

[Event "Titled Tue 3rd Jun Early"]
[Site "chess.com INT"]
[Date "2025.06.03"]
[Round "6"]
[White "Zieba, Hubert"]
[Black "Jasinski, Alexander"]
[Result "0-1"]
[WhiteTitle "CM"]
[WhiteElo "2233"]
[BlackElo "1964"]
[WhiteFideId "21844704"]
[BlackFideId "55627994"]
[EventDate "2025.06.03"]

1. d4 Nf6 2. c4 g6 3. g3 Bg7 4. Bg2 O-O 5. Nc3 d6 6. Nf3 Nc6 7. O-O a6 8. Bf4
Rb8 9. d5 Na5 10. b3 c5 11. Rc1 b5 12. Nd2 Bd7 13. e4 Ng4 14. Qc2 Ne5 15. h3
bxc4 16. Bxe5 cxb3 17. axb3 Bxe5 18. f4 Bg7 19. Rfe1 Qb6 20. Kh2 Qb4 21. e5 Bf5
22. Be4 Bxe4 23. Rxe4 Qb6 24. Rb1 Rfc8 25. Qa2 c4 26. Nxc4 Nxc4 27. bxc4 Qa7 28.
Rxb8 Rxb8 29. Nd1 a5 30. Qa4 Bf8 31. f5 Rb1 32. f6 dxe5 33. fxe7 Qxe7 34. Nf2
Rb2 35. Kg1 Qf6 0-1

[Event "Titled Tue 3rd Jun Early"]
[Site "chess.com INT"]
[Date "2025.06.03"]
[Round "6"]
[White "Manvelyan, Mikayel"]
[Black "Shandrygin, Nikita"]
[Result "0-1"]
[WhiteTitle "FM"]
[BlackTitle "FM"]
[WhiteElo "2362"]
[BlackElo "2209"]
[WhiteFideId "13310143"]
[BlackFideId "24198668"]
[EventDate "2025.06.03"]

1. e4 c5 2. Nf3 e6 3. d4 cxd4 4. Nxd4 Nf6 5. Nc3 Nc6 6. Ndb5 Bb4 7. a3 Bxc3+ 8.
Nxc3 d5 9. exd5 exd5 10. Bd3 O-O 11. O-O Bg4 12. f3 Be6 13. Bg5 Qb6+ 14. Kh1 Nd7
15. b4 Rfe8 16. f4 f5 17. Nxd5 Bxd5 18. Bxf5 Nd4 19. Bxd7 Re2 20. Rg1 Rxc2 21.
f5 Rc3 22. Qg4 Nf3 23. Rgd1 Nxg5 24. Rxd5 h6 25. Be6+ Kh8 26. Rd7 Rac8 27. Rad1
Rc1 28. h4 Rxd1+ 29. Rxd1 Nh7 30. Rd7 Rc1+ 31. Kh2 Qg1+ 32. Kg3 Rc3+ 33. Kf4
Qe3# 0-1

[Event "Titled Tue 3rd Jun Early"]
[Site "chess.com INT"]
[Date "2025.06.03"]
[Round "6"]
[White "Kezin, Roman"]
[Black "Kilic, Eray"]
[Result "1-0"]
[WhiteTitle "IM"]
[BlackTitle "IM"]
[WhiteElo "2471"]
[BlackElo "2469"]
[WhiteFideId "24124621"]
[BlackFideId "44517173"]
[EventDate "2025.06.03"]

1. d4 Nf6 2. c4 e6 3. Nf3 d5 4. g3 dxc4 5. Bg2 a6 6. O-O Nc6 7. Nc3 Be7 8. e4
O-O 9. d5 exd5 10. exd5 Nb4 11. Ne5 Bf5 12. a3 Nd3 13. Nxc4 Nxc1 14. Rxc1 Bd6
15. Qd4 Re8 16. h3 h6 17. Rfe1 Qd7 18. g4 Bg6 19. f4 Rxe1+ 20. Rxe1 Re8 21.
Rxe8+ Qxe8 22. Nxd6 cxd6 23. f5 Bh7 24. Qf4 Qe7 25. Kh2 Kh8 26. Kg3 Bg8 27. Kf2
Nd7 28. Be4 f6 29. Qe3 Ne5 30. Bg2 Qc7 31. Qd4 Bf7 32. Be4 Be8 33. b3 h5 34. Kg3
hxg4 35. hxg4 Nf7 36. a4 Ng5 37. Bg2 Bf7 38. Qe3 Kg8 39. Ne2 Qc2 40. Nf4 Qd1 41.
Ne6 Nh7 42. Bf3 Qc2 43. Qb6 Bxe6 44. dxe6 Qc8 45. e7 Qe8 46. Bd5+ Kh8 47. Qd8 1-0

[Event "Titled Tue 3rd Jun Early"]
[Site "chess.com INT"]
[Date "2025.06.03"]
[Round "6"]
[White "Ambartsumian, Tyhran"]
[Black "Mahdavi, Reza"]
[Result "0-1"]
[WhiteTitle "CM"]
[BlackTitle "IM"]
[WhiteElo "2179"]
[BlackElo "2445"]
[WhiteFideId "34161112"]
[BlackFideId "12595926"]
[EventDate "2025.06.03"]

1. e4 c6 2. d4 d5 3. exd5 cxd5 4. Bd3 Nc6 5. c3 Nf6 6. h3 e5 7. dxe5 Nxe5 8. Qe2
Qe7 9. Bc2 Bd7 10. Nd2 Bc6 11. Ngf3 Nxf3+ 12. Nxf3 Qxe2+ 13. Kxe2 Bc5 14. Be3
Bxe3 15. Kxe3 O-O 16. Nd4 Rfe8+ 17. Kf3 Ne4 18. Rad1 Rad8 19. Rhe1 g6 20. g4 Kg7
21. Bxe4 dxe4+ 22. Ke3 Bd7 23. c4 a6 24. b3 Kf6 25. Kf4 g5+ 26. Kg3 Bc8 27. Nc2
Rxd1 28. Rxd1 Be6 29. Ne3 Ke5 30. f3 b5 31. cxb5 axb5 32. fxe4 Kxe4 33. Nf5 Ra8
34. Re1+ Kd5 35. Ne3+ Kc5 36. Re2 Kd4 37. Kf2 Kd3 38. Nf1 b4 39. Ng3 Bd5 40. Nf5
Kc3 41. Ne3 Be6 42. Ke1 h5 43. Nd1+ Kd4 44. gxh5 Bxh3 45. Nf2 Bf5 46. Re7 Be6
47. h6 Rh8 48. Rb7 Rxh6 49. Rxb4+ Ke3 50. Re4+ Kf3 51. Re5 g4 52. Nd1 g3 53.
Re3+ Kf4 54. Rc3 Rh1+ 55. Kd2 g2 0-1

[Event "Titled Tue 3rd Jun Early"]
[Site "chess.com INT"]
[Date "2025.06.03"]
[Round "6"]
[White "Aronian, Levon"]
[Black "Firouzja, Alireza"]
[Result "1-0"]
[WhiteTitle "GM"]
[BlackTitle "GM"]
[WhiteElo "2747"]
[BlackElo "2757"]
[WhiteFideId "13300474"]
[BlackFideId "12573981"]
[EventDate "2025.06.03"]

1. c4 g6 2. Nc3 Bg7 3. d4 c5 4. d5 Bxc3+ 5. bxc3 f5 6. e4 fxe4 7. f3 Qa5 8. Qc2
Nf6 9. fxe4 d6 10. Bd3 Rf8 11. Bh6 Rg8 12. h3 g5 13. Nf3 g4 14. hxg4 Bxg4 15.
Rb1 Nbd7 16. Rxb7 Bxf3 17. gxf3 Ne5 18. Be2 O-O-O 19. Qb3 Nfd7 20. f4 Nf7 21. e5
dxe5 22. fxe5 Nfxe5 23. Bf4 Qa6 24. Rb5 Qf6 25. Rf1 Rdf8 26. Kd1 Rg2 27. Qa3 a6
28. Rxc5+ Nxc5 29. Qxc5+ Kd8 30. Qa7 Qf5 31. Qb8+ Kd7 32. Qxe5 Qb1+ 33. Kd2 Qb2+
34. Kd3 Rf6 35. Qc7+ Ke8 36. Bh5+ Rfg6 37. Bxg6+ hxg6 38. Re1 Qc2+ 39. Kd4 Qf2+
40. Re3 1-0

[Event "Titled Tue 3rd Jun Early"]
[Site "chess.com INT"]
[Date "2025.06.03"]
[Round "6"]
[White "Bahmani, Koorosh"]
[Black "Tarnowska, Aleksandra"]
[Result "1-0"]
[WhiteTitle "CM"]
[BlackTitle "WCM"]
[WhiteElo "2208"]
[BlackElo "1882"]
[WhiteFideId "42576750"]
[BlackFideId "1180967"]
[EventDate "2025.06.03"]

1. Nf3 d5 2. g3 e6 3. Bg2 Nf6 4. c4 Be7 5. O-O O-O 6. d4 dxc4 7. Na3 Bd7 8. Nxc4
Bc6 9. Re1 Nbd7 10. Bf4 Bb4 11. Rf1 Nd5 12. Bd2 N7f6 13. Nfe5 Bxd2 14. Nxc6 bxc6
15. Qxd2 Rb8 16. Ne5 Qd6 17. Rfc1 Qb4 18. Qc2 Qxb2 19. Nxc6 Rb7 20. e4 Qxc2 21.
Rxc2 Nb4 22. Rb2 Nxc6 23. Rxb7 Nxd4 24. Rxc7 Ne2+ 25. Kf1 Nd4 26. Rxa7 h6 27. a4
Rc8 28. a5 Rc2 29. e5 Ng4 30. Ra8+ Kh7 31. Be4+ g6 32. Bxc2 Nxc2 33. a6 Nxa1 34.
a7 Nxe5 35. Rc8 Nb3 36. a8=Q Nd2+ 37. Ke2 Ndc4 38. Rxc4 Nxc4 39. Qf8 Ne5 40. f4
Ng4 41. Qxf7+ Kh8 42. Qxg6 Nxh2 43. Qxh6+ Kg8 44. Qxh2 e5 45. fxe5 Kf7 46. g4
Kg6 47. Qf4 Kg7 48. Qf6+ Kg8 49. Qe7 Kh8 50. Kf3 1-0

[Event "Titled Tue 3rd Jun Early"]
[Site "chess.com INT"]
[Date "2025.06.03"]
[Round "6"]
[White "Aarit Kapil"]
[Black "Popov, Tikhon"]
[Result "1-0"]
[WhiteTitle "CM"]
[BlackTitle "CM"]
[WhiteElo "2098"]
[BlackElo "2173"]
[WhiteFideId "33408947"]
[BlackFideId "24252026"]
[EventDate "2025.06.03"]

1. Nf3 d5 2. g3 Nc6 3. d4 Bf5 4. Bg2 Nb4 5. Na3 e6 6. c3 Nc6 7. Qb3 a6 8. Bf4 b5
9. Ne5 Nxe5 10. Bxe5 Nf6 11. f3 Bd6 12. O-O Bg6 13. e4 c6 14. Bxd6 Qxd6 15. e5
Qc7 16. exf6 gxf6 17. Nc2 h5 18. Ne3 h4 19. f4 hxg3 20. hxg3 Kd7 21. Rfe1 Rag8
22. a4 Bd3 23. Kf2 Rxg3 24. Kxg3 Rg8+ 25. Ng4 f5 26. Bf3 Be4 27. axb5 Bxf3 28.
bxc6+ Kd8 29. Kxf3 Rxg4 30. Re5 f6 31. Qb4 Ke8 32. Rxe6+ Kf7 33. Qd6 Qb6 34.
Qd7+ Kg6 35. Qe8+ Kg7 36. Qe7+ Kg8 37. Rxf6 1-0

[Event "Titled Tue 3rd Jun Early"]
[Site "chess.com INT"]
[Date "2025.06.03"]
[Round "6"]
[White "Diaz Vasquez, Martin"]
[Black "Gutierrez Carmona, Juan Alejandro"]
[Result "1-0"]
[WhiteTitle "CM"]
[BlackTitle "FM"]
[WhiteElo "2266"]
[BlackElo "2036"]
[WhiteFideId "3410579"]
[BlackFideId "5106770"]
[EventDate "2025.06.03"]

1. e4 e5 2. Nf3 Nc6 3. Nc3 Nf6 4. Bb5 Bb4 5. O-O d6 6. Re1 O-O 7. Bxc6 bxc6 8.
d4 exd4 9. Nxd4 Bd7 10. Bg5 h6 11. Bh4 Re8 12. Qf3 Rb8 13. Rad1 g5 14. Bg3 Bg4
15. Qd3 Bxd1 16. Nxc6 Qc8 17. Nxb8 Bxc2 18. Qxc2 Qxb8 19. e5 Nh5 20. Qf5 Nxg3
21. hxg3 Bxc3 22. bxc3 Qb5 23. Qf6 Rxe5 24. Rxe5 Qxe5 25. Qxh6 Qe1+ 26. Kh2 Qxf2
27. Qxg5+ Kh7 28. Qh5+ Kg7 29. Qg4+ Kh7 30. Qe4+ Kg7 31. Qg4+ Kh7 32. Qc4 c5 33.
a4 Qf5 34. a5 Qh5+ 35. Kg1 Qd1+ 36. Kh2 Qh5+ 37. Kg1 Qd1+ 38. Kf2 Qd2+ 39. Kf3
Kg7 40. Qf4 Qxc3+ 41. Kg4 Qb4 42. Kf5 Qxf4+ 43. gxf4 1-0

[Event "Titled Tue 3rd Jun Early"]
[Site "chess.com INT"]
[Date "2025.06.03"]
[Round "6"]
[White "Noy, Eyal"]
[Black "Hovakimyan, Vache"]
[Result "0-1"]
[WhiteTitle "FM"]
[BlackTitle "FM"]
[WhiteElo "2346"]
[BlackElo "2282"]
[WhiteFideId "2821117"]
[BlackFideId "13317288"]
[EventDate "2025.06.03"]

1. e4 e6 2. Qe2 e5 3. f4 exf4 4. Nf3 g5 5. h4 g4 6. Ne5 h5 7. d4 d6 8. Nd3 Be7
9. Qf2 f3 10. gxf3 gxf3 11. Nd2 Nf6 12. Qxf3 Nc6 13. c3 Bg4 14. Qg3 Qd7 15. Nf2
O-O-O 16. Nxg4 Nxg4 17. Bd3 f5 18. exf5 Rde8 19. Kd1 Bxh4 20. Rxh4 Ne3+ 21. Qxe3
Rxe3 22. Kc2 Rxd3 23. Kxd3 Qxf5+ 24. Kc4 b5+ 25. Kb3 Na5+ 26. Kb4 Nc6+ 27. Ka3
Qf6 28. Rh1 b4+ 29. Kb3 bxc3 30. bxc3 h4 31. Bb2 h3 32. Raf1 Qe6+ 33. Kc2 Qxa2
34. Rf3 Qd5 35. Rhxh3 Rxh3 36. Rxh3 Qf5+ 37. Rd3 d5 38. Nb3 Nd8 39. Nc5 Ne6 40.
Nxe6 Qxe6 41. Ba3 Qe4 42. Bc5 a5 43. Kd2 Qg2+ 44. Kc1 a4 45. Rd2 Qf1+ 46. Kb2
Qb5+ 47. Bb4 Qc4 48. Bc5 Qb3+ 49. Ka1 Qxc3+ 50. Rb2 a3 0-1

[Event "Titled Tue 3rd Jun Early"]
[Site "chess.com INT"]
[Date "2025.06.03"]
[Round "6"]
[White "Grot, Blazej"]
[Black "Rustemov, Alexander"]
[Result "0-1"]
[WhiteTitle "CM"]
[BlackTitle "GM"]
[WhiteElo "2217"]
[BlackElo "2525"]
[WhiteFideId "21835845"]
[BlackFideId "4119002"]
[EventDate "2025.06.03"]

1. e4 e6 2. d4 d5 3. Nc3 dxe4 4. Nxe4 Bd7 5. Nf3 Bc6 6. Ng3 Nd7 7. c3 Ngf6 8.
Bd3 Be7 9. O-O O-O 10. Re1 Bxf3 11. Qxf3 c6 12. Bf4 Re8 13. Rad1 Nd5 14. Be5
Nxe5 15. Rxe5 Nf6 16. Ne4 Nxe4 17. Rxe4 g6 18. Ree1 Qd5 19. Qxd5 cxd5 20. a4 a6
21. Ra1 b6 22. g3 Rf8 23. Kg2 Kg7 24. h4 h5 25. f4 Bd6 26. Kf3 Kf6 27. Re2 Ra7
28. Ree1 Rfa8 29. Reb1 Ke7 30. Re1 Kd7 31. Rec1 Rc8 32. Ke3 Rcc7 33. Kf3 Ra8 34.
Ke3 Kc6 35. Kf3 Kb7 36. Ke3 Rac8 37. Kf3 Rc6 38. Ke3 Ka7 39. Kf3 Rb8 40. Ke3 Kb7
41. c4 Rbc8 42. b3 Bb4 43. Rc2 a5 44. Rac1 dxc4 45. Rxc4 Rxc4 46. Rxc4 Rxc4 47.
bxc4 Be1 48. Kf3 Kc6 49. Be4+ Kd6 50. Bb7 Bc3 51. Ke3 Bb4 52. Bf3 Be1 53. g4
hxg4 54. Bxg4 Bxh4 55. Ke4 f5+ 56. Kf3 fxg4+ 57. Kxg4 Bf6 0-1